[Event "ROM-ch U12"]
[Site "Baile Felix"]
[Date "2017.02.08"]
[Round "8"]
[White "Mihai, Florin"]
[Black "Foitos, Angelo Marian"]
[Result "1/2-1/2"]
[WhiteElo "1524"]
[BlackElo "1409"]
[PlyCount "111"]
[EventDate "2017.02.02"]
[EventType "swiss"]
[EventRounds "9"]
[EventCountry "ROU"]
[SourceTitle "CBM 176 Extra"]
[Source "ChessBase"]
[SourceDate "2017.03.02"]
[SourceVersion "1"]
[SourceVersionDate "2017.03.02"]
[SourceQuality "1"]

1. d4 g6 2. c4 Bg7 3. e4 d6 4. Nc3 e5 5. d5 Nf6 6. Nge2 0-0 7. Ng3 Nbd7 8. Be2 Nb6 9. h4 Re8 10. h5 Nbd7 11. hxg6 fxg6 12. Be3 b6 13. Qd2 Bb7 14. Bh6 Bh8 15. Bg5 Qe7 16. Bg4 Nf8 17. Be2 Qf7 18. Bh6 Bg7 19. Bxg7 Qxg7 20. Qg5 N8d7 21. a3 Nc5 22. b4 Nb3 23. Rb1 Nd4 24. Rb2 Rf8 25. f3 Qf7 26. Nb5 Nxb5 27. cxb5 a6 28. a4 a5 29. bxa5 Rxa5 30. Bd1 Nd7 31. Nf5 Kh8 32. Ne7 Kg7 33. Nc6 Bxc6 34. bxc6 Nc5 35. Qh6+ Kg8 36. Ra2 Rfa8 37. g3 Nxa4 38. Rah2 Nc5 39. Qxh7+ Qxh7 40. Rxh7 Nd3+ 41. Kd2 Nf2 42. Rh8+ Kg7 43. R1h7+ Kf6 44. Rxa8 Rxa8 45. Rxc7 Ra2+ 46. Ke1 Nd3+ 47. Kf1 Rf2+ 48. Kg1 Rb2 49. Kf1 Rf2+ 50. Kg1 Rb2 51. Ba4 Rb1+ 52. Kg2 Rb2+ 53. Kf1 Rf2+ 54. Kg1 Rb2 55. g4 Kg5 56. Rh7 1/2-1/2

[Event "ROM-ch U12"]
[Site "Baile Felix"]
[Date "2017.02.05"]
[Round "4"]
[White "Vilcu, Matei Stefan"]
[Black "Foitos, Angelo Marian"]
[Result "1-0"]
[WhiteElo "1667"]
[BlackElo "1409"]
[PlyCount "83"]
[EventDate "2017.02.02"]
[EventType "swiss"]
[EventRounds "9"]
[EventCountry "ROU"]
[SourceTitle "CBM 176 Extra"]
[Source "ChessBase"]
[SourceDate "2017.03.02"]
[SourceVersion "1"]
[SourceVersionDate "2017.03.02"]
[SourceQuality "1"]

1. e4 c5 2. Nf3 e6 3. c4 a6 4. d4 cxd4 5. Nxd4 d6 6. Nc3 b6 7. Be3 Bb7 8. Be2 Nd7 9. 0-0 Be7 10. Rc1 Ngf6 11. f3 0-0 12. Qd2 Qc7 13. Rfd1 Rac8 14. b4 Qb8 15. a3 Bd8 16. Kh1 Bc7 17. Bg1 Kh8 18. Nb3 Rg8 19. Bd3 Ne5 20. Qe2 g5 21. Bd4 Ned7 22. Qb2 e5 23. Bf2 g4 24. Rg1 Rg6 25. Ne2 h5 26. Bh4 Rcg8 27. Ng3 Qf8 28. Qf2 Bd8 29. Nf5 Bc7 30. Na1 Ba8 31. Nc2 Bd8 32. Nce3 Bb7 33. Rcd1 Bc7 34. Bc2 gxf3 35. gxf3 Rxg1+ 36. Rxg1 Rxg1+ 37. Qxg1 Qg8 38. Qf1 Qa8 39. Qg2 Qg8 40. Qh3 Qe8 41. Ba4 Bc8 42. Bxf6+ 1-0

[Event "ROM-ch U12"]
[Site "Baile Felix"]
[Date "2017.02.03"]
[Round "2"]
[White "Nedelcu, Teodor Cosmin"]
[Black "Foitos, Angelo Marian"]
[Result "1-0"]
[WhiteElo "1598"]
[BlackElo "1409"]
[PlyCount "77"]
[EventDate "2017.02.02"]
[EventType "swiss"]
[EventRounds "9"]
[EventCountry "ROU"]
[SourceTitle "CBM 176 Extra"]
[Source "ChessBase"]
[SourceDate "2017.03.02"]
[SourceVersion "1"]
[SourceVersionDate "2017.03.02"]
[SourceQuality "1"]

1. d4 g6 2. c4 Bg7 3. Nc3 c5 4. d5 Bxc3+ 5. bxc3 f5 6. Nf3 Nf6 7. Bh6 Rg8 8. Bd2 d6 9. h4 h5 10. Ng5 Qa5 11. e3 Nbd7 12. Be2 Nb6 13. Bd3 Bd7 14. Qe2 0-0-0 15. 0-0 Kb8 16. Rfb1 Ng4 17. f4 Nf6 18. Qf1 Rg7 19. a4 Na8 20. Qc1 Nh7 21. Nf3 Bc8 22. Rb5 Qc7 23. a5 a6 24. Rb3 Ka7 25. Qa3 Qd7 26. Rab1 Rgg8 27. Qb2 Rg7 28. e4 fxe4 29. Bxe4 Rdg8 30. Kf2 Nf6 31. Bd3 Ng4+ 32. Kg1 Nf6 33. Ng5 Nh7 34. Ne6 Rf7 35. Be3 Kb8 36. Bxc5 dxc5 37. Nxc5 Qd6 38. Rxb7+ Bxb7 39. Qxb7# 1-0

[Event "ROM-ch U10"]
[Site "Calimanesti Caciulata"]
[Date "2016.04.19"]
[Round "2"]
[White "Manolache, Ianis"]
[Black "Foitos, Angelo Marian"]
[Result "0-1"]
[WhiteElo "1001"]
[BlackElo "1156"]
[PlyCount "92"]
[EventDate "2016.04.18"]
[EventType "swiss"]
[EventRounds "9"]
[EventCountry "ROU"]
[SourceTitle "CBM 172 Extra"]
[Source "ChessBase"]
[SourceDate "2016.06.21"]
[SourceVersion "1"]
[SourceVersionDate "2016.06.21"]
[SourceQuality "1"]

1. e4 c5 2. Nf3 a6 3. d4 cxd4 4. Nxd4 Nf6 5. Nc3 e5 6. Nf3 Bb4 7. Nxe5 0-0 8. Bg5 Re8 9. Nf3 Rxe4+ 10. Be2 h6 11. a3 Bxc3+ 12. bxc3 hxg5 13. Nxg5 Re5 14. Nf3 Rc5 15. Qd4 Qa5 16. 0-0 Qxc3 17. Qf4 Qa5 18. Bd3 Qc7 19. Qe3 b5 20. Rfe1 g6 21. Qh6 Rh5 22. Qe3 d5 23. Qd4 Nbd7 24. g3 Qc5 25. Qf4 Qb6 26. Ne5 Nxe5 27. Rxe5 Rxe5 28. Qxe5 Qe6 29. Qf4 Nd7 30. Kf1 Qe5 31. Qc1 Nc5 32. Rb1 Bh3+ 33. Kg1 Rc8 34. Bf1 Bg4 35. Qh6 Ne4 36. Re1 Qd4 37. Qe3 Qxe3 38. Rxe3 Nd2 39. Bd3 Nf3+ 40. Kg2 Ng5 41. Re5 Bf3+ 42. Kg1 f6 43. Re7 Be4 44. Ra7 Rc6 45. Ra8+ Kf7 46. Ra7+ Ke6 0-1